Представление документа в формате MARC21

ПолеНазваниеЗначение
  Тип записи a
  Библиографический уровень m
001 Контрольный номер RU/URAIT/583037
005 Дата корректировки 20260429163651.3
008 Кодируемые данные 260429s2026 RU y f j 000 0 rus u
020 Индекс ISBN __
a ISBN 978-5-534-09085-7
c Цена, тираж 1729.00
040 Источник каталогиз. __
a Служба первич. каталог. ИКО Юрайт
c Служба, преобразующая запись ИКО Юрайт
e Правила каталог. RCR
041 Код языка издания __
a Код языка текста rus
044 Код страны публикации __
a Код страны публикации RU
080 Индекс УДК __
a Индекс УДК 517(075.8)
084 Индекс другой классификации/Индекс ББК __
2 Источник индекса rubbk
a Индекс другой классификации/Индекс ББК 22.16я73
100 Автор __
a Автор Ильин В. А.
q Полное имя Ильин Владимир Александрович
245 Заглавие __
a Заглавие Математический анализ в 2 ч. Часть 2
b Продолж. заглавия учебник для вузов
c Ответственность В. А. Ильин, В. А. Садовничий, Б. Х. Сендов.
250 Сведения об издании __
a Основные сведения об издании 3-е изд.
256 Характеристики компьютерного файла __
a Характеристики компьютерного файла Электрон. дан.
260 Выходные данные __
a Место издания Москва
b Издательство Юрайт
c Дата издания 2026
300 Физическое описание __
a Объем 324 с
440 Серия __
a Серия Высшее образование
500 Примечания __
a Примечание URL: https://urait.ru/bcode/583037 (дата обращения: 29.04.2026).
520 Аннотация __
a Аннотация Учебник представляет собой вторую часть курса математического анализа. Включает в себя теорию числовых и функциональных рядов, теорию двойных и n-кратных интегралов (в том числе, несобственных), теорию криволинейных и поверхностных интегралов, теорию поля, а также теорию интегралов, зависящих от параметров, и теорию рядов и интегралов Фурье. Особенностью книги являются три четко отделяемые друг от друга уровня изложения различой сложности, благодаря чему издание будет полезно учащимся разного уровня подготовки.
538 Прим. о системных особенностях __
a Прим. о системных особенностях Режим доступа: Электронно-библиотечная система Юрайт, для авториз. пользователей
653 Ключевые слова __
a Ключевые слова Математический анализ
653 Ключевые слова __
a Ключевые слова Математика и статистика
653 Ключевые слова __
a Ключевые слова Математика
653 Ключевые слова __
a Ключевые слова Математический анализ
653 Ключевые слова __
a Ключевые слова Математика (элементы высшей математики, теория вероятностей, математическая статистика)
653 Ключевые слова __
a Ключевые слова Высшая математика
653 Ключевые слова __
a Ключевые слова математический анализ II (функции многих переменных, теория комплексных чисел)
653 Ключевые слова __
a Ключевые слова Основы математического анализа
653 Ключевые слова __
a Ключевые слова Элементы высшей математики
653 Ключевые слова __
a Ключевые слова Дополнительные вопросы математического анализа
653 Ключевые слова __
a Ключевые слова Дополнительные главы математического анализа
653 Ключевые слова __
a Ключевые слова Линейная алгебра и математический анализ
653 Ключевые слова __
a Ключевые слова Математика (Математический анализ, алгебра, геометрия)
653 Ключевые слова __
a Ключевые слова Математика. Математический анализ
653 Ключевые слова __
a Ключевые слова Алгебра и анализ
653 Ключевые слова __
a Ключевые слова Избранные вопросы математического анализа
653 Ключевые слова __
a Ключевые слова Введение в высшую математику
653 Ключевые слова __
a Ключевые слова Введение в математику
653 Ключевые слова __
a Ключевые слова Ряды Фурье
653 Ключевые слова __
a Ключевые слова Математический анализ и дифференциальные уравнения
653 Ключевые слова __
a Ключевые слова Основы высшей математики
653 Ключевые слова __
a Ключевые слова Математика (высшая)
653 Ключевые слова __
a Ключевые слова Введение в алгебру и математический анализ
653 Ключевые слова __
a Ключевые слова Числовые, функциональные ряды
653 Ключевые слова __
a Ключевые слова Математический анализ и линейная алгебра
653 Ключевые слова __
a Ключевые слова Математика: математический анализ, дифференциальные уравнения, вероятность, статистика
653 Ключевые слова __
a Ключевые слова Введение в математический анализ
653 Ключевые слова __
a Ключевые слова Высшая алгебра и математический анализ
653 Ключевые слова __
a Ключевые слова Корректирующий курс по математике
653 Ключевые слова __
a Ключевые слова Специальные главы математического анализа
653 Ключевые слова __
a Ключевые слова Спецкурс математического анализа
653 Ключевые слова __
a Ключевые слова Избранные главы математического анализа
653 Ключевые слова __
a Ключевые слова Ряды Фурье и интегральные преобразования
653 Ключевые слова __
a Ключевые слова Общий курс высшей математики
653 Ключевые слова __
a Ключевые слова Вводный курс в высшую математику
653 Ключевые слова __
a Ключевые слова Интегралы, ряды, функции многих переменных
653 Ключевые слова __
a Ключевые слова Интегралы и ряды
653 Ключевые слова __
a Ключевые слова Ряды
653 Ключевые слова __
a Ключевые слова Основы математики
653 Ключевые слова __
a Ключевые слова Многомерный анализ, интегралы и ряды
653 Ключевые слова __
a Ключевые слова Высшая математика (математический анализ)
653 Ключевые слова __
a Ключевые слова Математика (общий курс)
653 Ключевые слова __
a Ключевые слова Математика (спецглавы)
653 Ключевые слова __
a Ключевые слова Математика дополнительные главы
653 Ключевые слова __
a Ключевые слова Углубленные вопросы математического анализа
653 Ключевые слова __
a Ключевые слова Интегралы
653 Ключевые слова __
a Ключевые слова Кратные, криволинейные и поверхностные интегралы
653 Ключевые слова __
a Ключевые слова Кратные и криволинейные интегралы, ряды
653 Ключевые слова __
a Ключевые слова Кратные интегралы, теория поля, ряды
653 Ключевые слова __
a Ключевые слова Теория поля и ряды
653 Ключевые слова __
a Ключевые слова Дополнительные главы математического анализа и геометрии
653 Ключевые слова __
a Ключевые слова Специальные разделы математического анализа и геометрии
653 Ключевые слова __
a Ключевые слова Математика (базовая)
700 Другие авторы __
a Другие авторы Садовничий В. А.
q Полное имя Садовничий Виктор Антонович
700 Другие авторы __
a Другие авторы Сендов Б. Х.
q Полное имя Сендов Благовест Христов
856 Электронный адрес документа 40
n Местонахождение сервера Юрайт
g Электронная книга
q Тип электронного формата html
h Имя пользователя ЮРАЙТ
v Часы доступа к ресурсу 20271231
2 Способ доступа Показать документ
x Служебное примечание https://urait.ru/book/cover/A8B6390C-00DF-489E-A31C-C8F3F5E5A826
u URL https://urait.ru/bcode/583037
856 Электронный адрес документа 48
q Тип электронного формата cover
u URL https://urait.ru/book/cover/A8B6390C-00DF-489E-A31C-C8F3F5E5A826
911 __
u 0030=https://urait.ru/bcode/583037
911 __
u 073a=9785534090857
u 073d=1729.00
911 __
u 106a=s
911 __
u 900l=
952 Тип литературы __
i Дисциплина Математика
952 Тип литературы __
i Дисциплина Математический анализ
952 Тип литературы __
i Дисциплина Математика (элементы высшей математики, теория вероятностей, математическая статистика)
952 Тип литературы __
i Дисциплина Высшая математика
952 Тип литературы __
i Дисциплина математический анализ II (функции многих переменных, теория комплексных чисел)
952 Тип литературы __
i Дисциплина Основы математического анализа
952 Тип литературы __
i Дисциплина Элементы высшей математики
952 Тип литературы __
i Дисциплина Дополнительные вопросы математического анализа
952 Тип литературы __
i Дисциплина Дополнительные главы математического анализа
952 Тип литературы __
i Дисциплина Линейная алгебра и математический анализ
952 Тип литературы __
i Дисциплина Математика (Математический анализ, алгебра, геометрия)
952 Тип литературы __
i Дисциплина Математика. Математический анализ
952 Тип литературы __
i Дисциплина Алгебра и анализ
952 Тип литературы __
i Дисциплина Избранные вопросы математического анализа
952 Тип литературы __
i Дисциплина Введение в высшую математику
952 Тип литературы __
i Дисциплина Введение в математику
952 Тип литературы __
i Дисциплина Ряды Фурье
952 Тип литературы __
i Дисциплина Математический анализ и дифференциальные уравнения
952 Тип литературы __
i Дисциплина Основы высшей математики
952 Тип литературы __
i Дисциплина Математика (высшая)
952 Тип литературы __
i Дисциплина Введение в алгебру и математический анализ
952 Тип литературы __
i Дисциплина Числовые, функциональные ряды
952 Тип литературы __
i Дисциплина Математический анализ и линейная алгебра
952 Тип литературы __
i Дисциплина Математика: математический анализ, дифференциальные уравнения, вероятность, статистика
952 Тип литературы __
i Дисциплина Введение в математический анализ
952 Тип литературы __
i Дисциплина Высшая алгебра и математический анализ
952 Тип литературы __
i Дисциплина Корректирующий курс по математике
952 Тип литературы __
i Дисциплина Специальные главы математического анализа
952 Тип литературы __
i Дисциплина Спецкурс математического анализа
952 Тип литературы __
i Дисциплина Избранные главы математического анализа
952 Тип литературы __
i Дисциплина Ряды Фурье и интегральные преобразования
952 Тип литературы __
i Дисциплина Общий курс высшей математики
952 Тип литературы __
i Дисциплина Вводный курс в высшую математику
952 Тип литературы __
i Дисциплина Интегралы, ряды, функции многих переменных
952 Тип литературы __
i Дисциплина Интегралы и ряды
952 Тип литературы __
i Дисциплина Ряды
952 Тип литературы __
i Дисциплина Основы математики
952 Тип литературы __
i Дисциплина Многомерный анализ, интегралы и ряды
952 Тип литературы __
i Дисциплина Высшая математика (математический анализ)
952 Тип литературы __
i Дисциплина Математика (общий курс)
952 Тип литературы __
i Дисциплина Математика (спецглавы)
952 Тип литературы __
i Дисциплина Математика дополнительные главы
952 Тип литературы __
i Дисциплина Углубленные вопросы математического анализа
952 Тип литературы __
i Дисциплина Интегралы
952 Тип литературы __
i Дисциплина Кратные, криволинейные и поверхностные интегралы
952 Тип литературы __
i Дисциплина Кратные и криволинейные интегралы, ряды
952 Тип литературы __
i Дисциплина Кратные интегралы, теория поля, ряды
952 Тип литературы __
i Дисциплина Теория поля и ряды
952 Тип литературы __
i Дисциплина Дополнительные главы математического анализа и геометрии
952 Тип литературы __
i Дисциплина Специальные разделы математического анализа и геометрии
952 Тип литературы __
i Дисциплина Математика (базовая)